• 首页
  • 本馆介绍
  • 公告通知
  • 最新文献
  • 馆藏检索
  • 电子资源
  • 读者导购
  • 参考咨询
  • 我的图书馆
  • 登录
  • 详细信息显示
  • 放入我的书架
  • 预约/预借图书
  • 作者相关作品
  • 分类相关作品
  • 丛书相关作品
  • 出版社相关作品

书目信息

  • 表格格式
  • 工作单格式
  • 卡片格式
题名:
研究生入学考试试题精选精解300 题
    
 
作者: 夏志皋 , 吴家龙 主编
分册:  
出版信息: 上海   同济大学出版社  1990.5
页数: 470页
开本: 21cm
丛书名:
单 册:
中图分类: O3-44
科图分类:
主题词: 力学
电子资源:
ISBN: 7-5608-0535-3
000 00887nam0 2200217 45
001 0405181543
005 20040916081835.1
010    @a7-5608-0535-3@dCNY8.90
100    @a20040518d1990 km y0chiy0120 ea
101 0  @achi
105    @a z 000yy
200 1  @a研究生入学考试试题精选精解300 题@AYan Jiu Sheng Ru Xue Kao Shi Shi Ti Jing Xuan Jing Jie 300 Ti@f夏志皋,吴家龙主编@FXia Zhi Gao,Wu Jia Long Zhu Bian@e理论力学,材料力学,弹性力学及塑性力学基础@ELi Lun Li Xue,Cai Liao Li Xue,Dan Xing Li Xue Ji Su Xing Li Xue Ji Chu
210    @a上海@d1990.5@c同济大学出版社
215    @a470页@d21cm
517    @a理论力学,材料力学,弹性力学及塑性力学基础@ALi Lun Li Xue,Cai Liao LiXue,Dan Xing Li Xue Ji Su Xing Li Xue Ji Chu
606 0  @a力学
690    @aO3-44@v3
701  0 @a夏志皋@4主编
701  0 @a吴家龙@4主编
801    @aCN@bPftUser@c20040518
905    @dO3-44@e40@f1@b234133
    
    研究生入学考试试题精选精解300 题/夏志皋,吴家龙主编:理论力学,材料力学,弹性力学及塑性力学基础.-上海,1990.5:同济大学出版社
    470页;21cm
    
    
    ISBN 7-5608-0535-3:CNY8.90
    
●
相关链接 在E读中查询图书 在五车中查询图书 在当当中查询图书 在豆瓣中查询图书


正题名:研究生入学考试试题精选精解300 题     索取号:O3-44/40         预约/预借

序号 登录号 条形码 馆藏地/架位号 状态 备注
1 0234133   001957519   第三借阅区/ [索取号:O3-44/40] 在馆    
2 0234134   001449070   第三借阅区/ [索取号:O3-44/40] 在馆    
3 0234135   001449114   第三借阅区/ [索取号:O3-44/40] 在馆    
4 0234136   001449043   第三借阅区/ [索取号:O3-44/40] 在馆    
5 0234137   001449089   第二样本阅览室/ [索取号:O3-44/40] 在馆    
唐山师范学院图书馆 欢迎您!
大连网信软件有限公司© 版权所有